Music Quiz

Random Music or Artist Quiz

#1 Songs Fill-in-the-Blank Quiz Stats

 Plays Quiz Updated Apr 24, 2018

Challenge
Share
Tweet
Embed
Score 0/58 Timer 06:00
0 Plays Today
Song Missing Word % Correct
Livin' on a ___ (1987)Prayer
89.2%
___ Queen (1977)Dancing
85.4%
... ___ One More Time (1999)Baby
83.4%
I Shot the ___ (1974)Sheriff
82.6%
Call Me ___ (2012)Maybe
81.2%
Just ___ (2009)Dance
79.4%
Gettin' ___ Wit It (1998)Jiggy
79.1%
All About That ___ (2014)Bass
78%
A Whole New ___ (1993)World
76.5%
___ and Ivory (1982)Ebony
73.8%
With ___ Wide Open (2000)Arms
73.4%
___ Funk (2015)Uptown
72.4%
In Da ___ (2003)Club
72.4%
___ than Words (1991)More
72.4%
___ Like You (2011)Someone
72.2%
___ la Vida (2008)Viva
71.5%
___ on a Jet Plane (1969)Leaving
71.5%
Thrift ___ (2013)Shop
71.1%
Gangsta's ___ (1995)Paradise
70.8%
___ in Herre (2002)Hot
70.8%
___ Gurls (2010)California
69.5%
I'm Too ___ (1992)Sexy
67.6%
Hey There ___ (2007)Delilah
66.5%
___ of the Pack (1964)Leader
65.7%
___ of Glass (1979)Heart
64.3%
___ Thing (1966)Wild
62.1%
Wild, Wild ___ (1988)West
61.2%
Down ___ (1983)Under
59.9%
Heart of ___ (1972)Gold
59%
Song Missing Word % Correct
Bad ___ (2006)Day
57.8%
Mack the ___ (1959)Knife
55.3%
___ Rock (1973)Crocodile
54.8%
Mo Money Mo ___ (1997)Problems
54.7%
___ Velvet (1990)Black
54%
Karma ___ (1984)Chameleon
52.7%
On ___ Knee (1994)Bended
51.5%
Ruby ___ (1967)Tuesday
50.6%
___ Girl (2005)Hollaback
49.9%
How You ___ Me (2001)Remind
49.7%
Please Mr. ___ (1961)Postman
49.7%
Are You ___ Tonight? (1960)Lonesome
49.1%
___ Three Times (1971)Knock
47.6%
It's My ___ (1963)Party
44.6%
___ Child (1968)Love
44.1%
Lean ___ (2004)Back
41%
Rock Me ___ (1986)Amadeus
40%
___ Whisper (1985)Careless
38.9%
___ with You (1980)Rock
38.5%
___ Up (1989)Straight
38.2%
Jive ___ (1975)Talkin'
36.4%
Hang on ___ (1965)Sloopy
31.3%
No ___ (1996)Diggity
28.8%
Cracklin' ___ (1970)Rosie
23.7%
___ Dooley (1958)Tom
22.5%
___ Eyes (1981)Private
19.7%
___ Park (1978)MacArthur
15.5%
___ Fever (1976)Boogie
12.9%
He's a ___ (1962)Rebel
11.4%

You're not logged in!

Compare scores with friends on all Sporcle quizzes.
Join for Free
OR
Log In

You Might Also Like...

Show Comments

Extras

Top Quizzes Today


Score Distribution

Your Account Isn't Verified!

In order to create a playlist on Sporcle, you need to verify the email address you used during registration. Go to your Sporcle Settings to finish the process.

Report this User

Report this user for behavior that violates our Community Guidelines.

Details: